000 01960cam a2200517 i 4500
001 6689
003 KOSZ 005
005 20260116111655.0
008 250911s1989 pl a f 001 0 pol
015 _aPB 1989/6944
020 _a8322003749
035 _a991002914539705066
035 _a(PL-WaBN)b1079007x-48omnis_nlop
035 _ab1079007x
035 _a(OCoLC)834770787
035 _a(PL)b0000001079007
035 _a(EXLNZ-48OMNIS_NETWORK)9910448879905606
040 _aWA N
_cWA N
_dKOSZ 005/EG
_dKOSZ 005/RW
046 _k1989
080 _a55
080 _a(438)
245 1 0 _aBudowa geologiczna Polski.
_nT. 3,
_pAtlas skamieniałości przewodnich i charakterystycznych.
_nCz. 3b,
_pKenozoik : czwartorzęd /
_cInstytut Geologiczny ; pod redakcją Wandy Rühle i Edwarda Rühlego ; autorzy Zofia Borówko-Dłużakowa [et al.].
250 _aWydanie I.
260 _aWarszawa :
_bWydawnictwa Geologiczne,
_c1989.
300 _a272 strony, CIV stron fotografii, [2] karty tabllic złożonych :
_bfotografie, mapy, errata ;
_c25 cm.
336 _aTekst
_btxt
_2rdacontent
337 _aBez urządzenia pośredniczącego
_bn
_2rdamedia
338 _aWolumin
_bnc
_2rdacarrier
380 _aKsiążki
380 _aPublikacje fachowe
388 1 _a1901-2000
388 1 _a1989-2000
504 _aBibliografia na stronach [243]-255. Indeks.
650 7 _aGeologia
_2DBN
650 7 _aPaleontologia
_2DBN
651 7 _aPolska
_2DBN
655 7 _aAtlas geologiczny
_2DBN
658 _aGeografia i nauki o Ziemi
700 1 _aBorówko-Dłużakowa, Zofia
_eAutor
700 1 _aRühle, Edward
_d(1905-1988)
_eRedakcja
700 1 _aRühle, Wanda
_d(1905-1988)
_eRedakcja
710 2 _aWydawnictwo Geologiczne
_4pbl
856 _uhttp://koha.tu.koszalin.pl/cgi-bin/koha/opac-detail.pl?biblionumber=6689
_yKatalog online BPK
942 _2UKD
_cKS
999 _c6689
_d6689